|
|
|
|
| LEADER |
01760nam a2200421 i 4500 |
| 001 |
EBC1936509 |
| 003 |
MiAaPQ |
| 005 |
20200520144314.0 |
| 006 |
m o d | |
| 007 |
cr cnu|||||||| |
| 008 |
150224t20142014sz ob 001 0 spa d |
| 020 |
|
|
|z 9789223270308
|
| 020 |
|
|
|a 9789223270315
|q (electronic bk.)
|
| 035 |
|
|
|a (MiAaPQ)EBC1936509
|
| 035 |
|
|
|a (Au-PeEL)EBL1936509
|
| 035 |
|
|
|a (CaPaEBR)ebr11018274
|
| 035 |
|
|
|a (OCoLC)902958098
|
| 040 |
|
|
|a MiAaPQ
|b eng
|e rda
|e pn
|c MiAaPQ
|d MiAaPQ
|
| 050 |
|
4 |
|a HD2956
|b .R47 2014
|
| 082 |
0 |
|
|a 303.3
|2 23
|
| 245 |
0 |
0 |
|a Resiliencia en tiempos de crisis :
|b el poder de las cooperativas financieras.
|
| 264 |
|
1 |
|a Geneva, Switzerland :
|b International Labour Office,
|c 2014.
|
| 264 |
|
4 |
|c 2014
|
| 300 |
|
|
|a 1 online resource (78 pages)
|
| 336 |
|
|
|a text
|2 rdacontent
|
| 337 |
|
|
|a computer
|2 rdamedia
|
| 338 |
|
|
|a online resource
|2 rdacarrier
|
| 504 |
|
|
|a Includes bibliographical references and index.
|
| 588 |
|
|
|a Description based on online resource; title from PDF title page (ebrary, viewed February 16, 2015).
|
| 590 |
|
|
|a Electronic reproduction. Ann Arbor, MI : ProQuest, 2015. Available via World Wide Web. Access may be limited to ProQuest affiliated libraries.
|
| 650 |
|
0 |
|a Cooperation
|x History.
|
| 650 |
|
0 |
|a International cooperation.
|
| 650 |
|
0 |
|a Internationalism.
|
| 655 |
|
4 |
|a Electronic books.
|
| 710 |
2 |
|
|a International Labour Office.
|
| 776 |
0 |
8 |
|i Print version:
|t Resiliencia en tiempos de crisis : el poder de las cooperativas financieras.
|d Geneva, Switzerland : International Labour Office, c2014
|h xiii, 64 pages
|z 9789223270308
|
| 797 |
2 |
|
|a ProQuest (Firm)
|
| 856 |
4 |
0 |
|u https://ebookcentral.proquest.com/lib/matrademy/detail.action?docID=1936509
|z Click to View
|